Podpora inovačných aktivít malých a stredných podnikov prostredníctvom inovačných voucherov

Inovačné vouchery predstavujú nový nástroj finančnej podpory malých a stredných podnikov zameraných na inovácie prostredníctvom ich spolupráce s verejnými vedecko-výskumnými inštitúciami, čo zároveň umožňuje efektívnejší transfer znalostí z akademickej oblasti do podnikateľskej praxe a ich následnú...

ver descrição completa

Na minha lista:
Detalhes bibliográficos
Autor principal: Vinczeová, Miroslava
Formato: Capítulo de Livro
Idioma:eslovaco
Assuntos:
Tags: Adicionar Tag
Sem tags, seja o primeiro a adicionar uma tag!

MARC

LEADER 00000nla a2200000 4500
001 0228916
005 20240417075113.5
041 0 |a slo 
044 |a SK 
245 1 0 |a Podpora inovačných aktivít malých a stredných podnikov prostredníctvom inovačných voucherov  |c Miroslava Vinczeová 
520 |a Inovačné vouchery predstavujú nový nástroj finančnej podpory malých a stredných podnikov zameraných na inovácie prostredníctvom ich spolupráce s verejnými vedecko-výskumnými inštitúciami, čo zároveň umožňuje efektívnejší transfer znalostí z akademickej oblasti do podnikateľskej praxe a ich následnú komercializáciu. 
610 2 0 |a inovácia 
610 2 0 |a stratégia inovačná 
610 2 0 |a transfer inovácií 
610 2 0 |a podpora podnikania 
610 2 0 |a efektívnosť inovácií 
610 2 0 |a podnik malý 
610 2 0 |a podnik stredný 
100 1 |a Vinczeová, Miroslava